| 000 | 00348nam a2200121Ia 4500 | ||
|---|---|---|---|
| 008 | 190216s9999||||xx |||||||||||||| ||und|| | ||
| 100 | _a"Vijaya Krishnan K P,Vijayamadavan K T,Namboodirippad V M N,Sivasankaran N" | ||
| 245 | 0 | _aJanthusasthrapravesam | |
| 260 |
_bKerala Bhasha Institute _c1971 |
||
| 300 | _a228p | ||
| 650 | _aZoology | ||
| 942 | _cBK | ||
| 999 |
_c37863 _d37863 |
||